Syntéza časopis pre teóriu a metódy vied o práci

Enregistré dans:
Détails bibliographiques
Format: Publication en série
Langue:slovaque
Publié: Bratislava Československý výskumný ústav práce 1971
Tags: Ajouter un tag
Pas de tags, Soyez le premier à ajouter un tag!

MARC

LEADER 00000nas2a2200000 4500
001 0021313
005 20200722101554.9
041 0 |a slo 
044 |a SK 
245 1 0 |a Syntéza  |b časopis pre teóriu a metódy vied o práci 
264 1 |a Bratislava  |b Československý výskumný ústav práce  |c 1971 
300 |a 1 zv. 
773 0 |w eu_un_cat*s122620